[Event "Ciutat Barcelona CAT-ARG 2018"]
[Site "Barcelona"]
[Date "2018.10.14"]
[Round "14"]
[White "Krysa, Leandro"]
[Black "Asis Gargatagli, Hipolito"]
[Result "1/2-1/2"]
[WhiteElo "2503"]
[BlackElo "2526"]
[Annotator "TA"]
[PlyCount "62"]
[EventDate "2018.10.08"]
[EventCountry "ESP"]
[SourceTitle "playchess.com"]
[Source "ChessBase"]
[SourceQuality "1"]

{[%evp 19,62,15,46,30,35,35,40,36,39,46,62,37,53,18,19,0,0,0,0,-27,-19,-27,-14,-16,-10,-94,-67,-123,-114,-114,-41,-43,-36,-33,-20,-23,-5,-5,0,0,0,0,0,0,0]} 1. d4 {Chekhov,V} Nf6 2. c4 g6 3. Nf3 Bg7 4. g3 O-O 5. Bg2 d6 6. O-O Ne4 7. b3 c5 8. Bb2 Nc6 9. Nbd2 Nxd2 10. Qxd2 Bg4 {LiveBook: 6 Games. E60: King's Indian: Unusual lines and Fianchetto Variation without Nc3} 11. d5 (11. dxc5 Bxf3 12. Bxf3 dxc5 13. Qxd8 Rfxd8 14. Bxg7 Kxg7 15. Bxc6 bxc6 16. Rfd1 a5 {½-½ (16) Wirig,A (2504)-Maze,S (2615) Brest 2018}) 11... Bxb2 12. Qxb2 Bxf3 {White is slightly better.} 13. Bxf3 Ne5 $146 {[%cal Bc6e5,Be5g4,Bg4e3][%mdl 32]} ({Predecessor:} 13... Na5 14. h4 b5 15. cxb5 Qb6 16. a4 a6 17. h5 axb5 18. hxg6 hxg6 {1-0 (28) Keres,P-Szabo,L Hastings 1955 MCL [Chekhov,V]}) 14. Bg2 Rb8 15. f4 Ng4 16. e4 Ne3 17. Rfe1 (17. Rf2 {keeps more tension.} Nxg2 18. Kxg2 b5 19. Rc1 a5 20. Qc3) 17... Nxg2 18. Qxg2 b5 19. cxb5 Rxb5 20. e5 Qa5 21. h4 Rfb8 22. h5 {[#]} (22. exd6 $11 exd6 23. Qf2) 22... c4 $1 $17 23. hxg6 (23. exd6 $15 exd6 24. h6) 23... hxg6 24. f5 Qb6+ (24... gxf5 $17 {Strongly threatening ...dxe5.} 25. exd6 exd6 26. bxc4 Rb2) 25. Qf2 $15 Qxf2+ (25... cxb3 {is interesting.} 26. axb3 Rxb3 27. Qxb6 axb6 28. Kf2 Kg7) 26. Kxf2 cxb3 (26... gxf5 {seems wilder.} 27. bxc4 Ra5 28. Re2 Rc8 29. exd6 exd6 30. Rc1 Kf8) 27. axb3 Rxd5 28. fxg6 {The position is equal.} Rxb3 29. exd6 Rxd6 30. gxf7+ Kxf7 31. Rxa7 Rd2+ {Precision: White = 39%, Black = 41%.} 1/2-1/2

[Event "Ciutat Barcelona CAT-ARG 2018"]
[Site "Barcelona"]
[Date "2018.10.14"]
[Round "15"]
[White "Peralta, Fernando"]
[Black "Lopez Martinez, Josep Manuel"]
[Result "1/2-1/2"]
[WhiteElo "2582"]
[BlackElo "2581"]
[Annotator "TA"]
[PlyCount "83"]
[EventDate "2018.10.08"]
[EventCountry "ESP"]
[SourceTitle "playchess.com"]
[Source "ChessBase"]
[SourceQuality "1"]

{[%evp 25,83,22,25,12,21,9,24,31,37,43,113,108,112,25,87,88,112,112,98,93,114,102,179,22,98,57,77,81,73,50,56,-7,-6,-14,-7,-12,0,0,0,0,0,0,0,0,0,0,0,0,0,0,0,-36,0,0,0,-15,0,0,0,0]} 1. d4 Nf6 2. c4 e6 3. Nc3 d5 4. cxd5 Nxd5 5. e4 Nxc3 6. bxc3 c5 7. Nf3 cxd4 8. cxd4 Bb4+ 9. Bd2 Bxd2+ 10. Qxd2 O-O 11. Rd1 {D41: Queen's Gambit Declined: Semi-Tarrasch with 5 cxd5} (11. Bc4 Nd7 12. O-O b6 13. Rad1 Bb7 14. Rfe1 Rc8 15. Bb3 Re8 16. h3 Nf6 17. Qf4 Nh5 18. Qh2 h6 19. d5 exd5 20. e5 g6 21. Nd4 Ng7 22. Nb5 {½-½ (54) Mamedyarov,S (2820)-Ding,L (2804) Batumi 2018}) 11... Nd7 12. Bd3 b6 13. O-O Bb7 {LiveBook: 7 Games} 14. Qe3 Qe7 15. e5 {[#]} Rfd8 $146 ({Predecessor:} 15... Bd5 16. Bb1 Rac8 17. Ng5 f5 18. exf6 Nxf6 {0-1 (50) Peralta,F (2569)-Adly,A (2620) Batumi 2018}) 16. Ng5 Nf8 17. f4 Bd5 (17... f5 $14) 18. f5 $16 exf5 19. Bxf5 ({White should play} 19. Rxf5 $16 {Hoping for Rdf1.} h6 20. Ne4) 19... h6 (19... f6 $11 {remains equal.} 20. Nf3 Bxa2) 20. Ne4 Bxe4 21. Qxe4 Re8 22. Qf3 Rad8 23. Bc2 Ne6 (23... Qc7 $16) 24. Bb3 $2 {[#]} (24. Qe4 $18 g6 25. Ba4) 24... Rf8 (24... Nxd4 $11 {keeps the balance.} 25. Qxf7+ Kh8) 25. Qf2 Qb4 $1 {[%cal Re6d4]} 26. d5 Nc5 27. d6 Nxb3 28. axb3 (28. e6 $1 $14 Rxd6 29. e7 (29. exf7+ Kh8 $11) 29... Rxd1 30. exf8=R+ Qxf8 31. Rxd1) 28... Qxb3 $11 29. d7 Qe6 30. Qd4 f6 31. exf6 Rf7 {[%cal Rd8d7]} 32. fxg7 Rdxd7 33. Qc3 {[#] And now Qc8+ would win.} Rxd1 34. Rxd1 {[%mdl 4096] Endgame Intending Rd8+ and mate. KQR-KQR} Qf6 35. Qb3 Kxg7 {( -> ...Qf2+)} 36. h3 Qe5 37. Kh1 b5 {Threatens to win with ...a5.} 38. Qb1 a5 {aiming for ...b4.} 39. Re1 $1 {[%cal Re1e5] The position is equal.} Qc3 40. Re6 Qg3 41. Qa1+ Kh7 $1 42. Qb1+ {Precision: White = 48%, Black = 40%.} 1/2-1/2

[Event "Ciutat Barcelona CAT-ARG 2018"]
[Site "Barcelona"]
[Date "2018.10.14"]
[Round "15"]
[White "Pichot, Alan"]
[Black "Guerra Mendez, Jose Angel"]
[Result "1/2-1/2"]
[WhiteElo "2556"]
[BlackElo "2534"]
[Annotator "TA"]
[PlyCount "208"]
[EventDate "2018.10.08"]
[EventCountry "ESP"]
[SourceTitle "playchess.com"]
[Source "ChessBase"]
[SourceQuality "1"]

{[%evp 33,208,36,33,12,7,9,12,12,14,0,0,0,0,0,0,0,0,0,0,0,0,0,0,-10,-4,-13,0,0,0,-4,0,0,0,0,0,0,30,0,0,0,29,29,33,33,39,39,39,39,63,50,62,43,54,35,62,62,63,48,48,51,50,50,58,48,59,49,165,0,0,0,0,0,0,0,0,0,0,0,0,0,0,0,0,0,5,2,12,0,0,0,0,0,0,0,0,0,0,0,0,0,0,0,0,0,0,0,0,0,0,0,0,0,0,0,0,0,0,0,0,0,0,0,0,0,0,0,0,0,0,0,0,0,0,0,0,0,12838,0,0,0,0,0,0,0,0,0,0,0,0,0,0,0,0,0,0,0,0,0,0,0,0,0,0,0,0,0,0,0,0,0,0,0,0,0,0,0,0]} 1. e4 e5 2. Nf3 Nc6 3. Bb5 a6 4. Ba4 Nf6 5. O-O Be7 6. Re1 b5 7. Bb3 d6 8. c3 O-O 9. h3 Na5 10. Bc2 c5 11. d4 Qc7 12. Nbd2 cxd4 13. cxd4 Nc6 14. Nb3 a5 15. Be3 a4 16. Nbd2 Bd7 17. Rc1 Rac8 {LiveBook: 126 Games. C99: Closed Ruy Lopez: Chigorin Defence: 11 d4 Qc7 12 Nbd2 cxd4} (17... Rfc8 18. d5 Nb4 19. Bb1 Qb7 20. Qe2 a3 21. b3 Rxc1 22. Rxc1 Rc8 23. Qe1 Bd8 24. Nf1 Na6 25. b4 Rxc1 26. Qxc1 {1-0 (70) Nakamura,H (2781)-Naroditsky,D (2619) chess.com INT 2018}) 18. d5 Nb4 {[%cal Rb4c2]} 19. Bb1 Qb7 20. Nf1 Rxc1 21. Qxc1 $146 ({Predecessor:} 21. Bxc1 Rc8 22. Bd2 Na6 23. Ng3 b4 24. Nh2 Bd8 25. Nhf1 {0-1 (64) Padmini,R (2226)-Kulon,K (2139) Yerevan 2007}) 21... Rc8 22. Qd2 Na6 23. Rc1 Rxc1 24. Qxc1 Bd8 25. Bg5 Qc8 26. Qd2 Nh5 27. Bxd8 Qxd8 28. Ne1 Nc5 29. Bc2 Nf4 30. b4 axb3 31. axb3 Qb6 32. h4 Qa7 33. g3 Nh5 34. b4 Na6 35. Qc3 Nf6 36. Qa3 Qb6 (36... Ng4 $5 {[%cal Ra7f2]} 37. Nd3 f5 $11) 37. Ne3 g6 38. Bd3 Kf8 39. N1c2 Ne8 40. Kg2 Nec7 41. f4 f6 42. Qc3 Ne8 43. Qe1 Kg7 44. Qe2 Nac7 45. h5 Qa7 46. hxg6 hxg6 47. f5 gxf5 48. exf5 Qa2 49. Be4 Kf8 ({Black should try} 49... Bc8 $1 $14) 50. Nd4 $2 (50. Qh5 $18) 50... Qxe2+ $11 51. Nxe2 Na6 52. Nc2 Nec7 53. g4 Na8 54. Nc3 Nb6 55. Bd3 Nc7 56. Ne3 Kg7 57. Kg3 Be8 58. Kh4 Kh6 59. Be2 Bf7 60. Bxb5 {And now Bc6 would win.} Ncxd5 61. Nexd5 Bxd5 {[%mdl 4096] Endgame KBN-KBN} 62. Bd3 Bc6 63. Bb5 Bb7 64. Be2 d5 65. Nb5 Ba6 66. Nd4 Bxe2 67. Nxe2 {KN-KN} d4 {Threatens to win with ...d3.} 68. Ng3 d3 69. Ne4 Nc4 {Strongly threatening ...d2.} 70. b5 d2 71. Nc3 $1 {[#]} ({But not} 71. Nxd2 $2 Nxd2 72. b6 Nf3+ 73. Kh3 (73. Kg3 $2 Nd4 $19) 73... Nd4 $19) 71... e4 $1 {[%cal Be5e4,Be4e3][%mdl 544]} 72. Kg3 (72. Nxe4 d1=Q) 72... e3 73. Kf3 Kg5 74. Ne4+ Kh4 75. Nc3 Kg5 76. Nd1 {[#]} e2 $1 {[%mdl 512]} 77. Kxe2 Kxg4 78. Kd3 Ne5+ 79. Ke4 Nc4 80. Kd5 Na5 81. Ke6 Kg5 82. b6 {aiming for Nc3.} Nb7 83. Nf2 Nc5+ 84. Kd6 Nb7+ $2 {[%mdl 8192]} (84... Na6 $11) 85. Ke6 $2 (85. Kc7 $18 Na5 86. Ne4+ Kxf5 87. Nxd2) 85... Nc5+ {The position is equal.} 86. Kd5 Na6 87. Ne4+ Kxf5 88. Nxd2 Kg4 89. b7 f5 90. Kc6 f4 91. Kb6 Nb8 92. Kc7 Na6+ 93. Kc8 f3 94. Ne4 Kf4 95. Nc5 f2 96. Nxa6 f1=Q 97. b8=Q+ Kg4 98. Qd6 Qf5+ 99. Kb7 Qe4+ 100. Kb6 Qb1+ 101. Nb4 Qf5 102. Nd5 {Ne3+ is the strong threat.} Qf2+ 103. Kc7 Qg3 104. Nf6+ Kh3 {Precision: White = 71%, Black = 72%.} 1/2-1/2

[Event "Ciutat Barcelona CAT-ARG 2018"]
[Site "Barcelona"]
[Date "2018.10.14"]
[Round "15"]
[White "Alonso Rosell, Alvar"]
[Black "Krysa, Leandro"]
[Result "1/2-1/2"]
[WhiteElo "2526"]
[BlackElo "2503"]
[Annotator "TA"]
[PlyCount "29"]
[EventDate "2018.10.08"]
[EventCountry "ESP"]
[SourceTitle "playchess.com"]
[Source "ChessBase"]
[SourceQuality "1"]

{[%evp 10,29,35,28,31,33,43,45,46,22,21,19,43,28,41,15,18,10,8,11,8,5]} 1. d4 Nf6 2. Nf3 g6 3. Nbd2 Bg7 4. e4 d6 5. c3 O-O 6. Be2 {LiveBook: 176 Partien} Nh5 {B07: Pirc-Ufimzew-Verteidigung} (6... c5 7. dxc5 dxc5 8. O-O Nc6 9. Qc2 Qc7 10. Re1 b6 11. a4 Bb7 12. Bf1 Na5 13. Nc4 Nxc4 14. Bxc4 e6 15. h3 h6 16. Bf1 Kh7 17. Nd2 Nd7 18. a5 {1-0 (40) Vaibhav,S (2542)-Zhou,Y (2449) chess.com INT 2018}) 7. Nc4 $146 ({Vorgänger:} 7. Nb3 e5 8. dxe5 dxe5 9. Be3 Nf4 10. Bxf4 exf4 11. Qxd8 Rxd8 12. O-O Nd7 13. Rad1 Re8 14. Bd3 a5 15. a4 Nb6 16. Ra1 Bd7 17. Nc5 Bc6 18. Nd4 Bf8 19. Ndb3 Re5 {0-1 (19) Kostic,N (2165)-Milosevic,S (2226) Kragujevac 2015}) 7... Nd7 8. O-O e5 {Weiß steht etwas besser.} 9. dxe5 dxe5 10. Re1 Qe7 11. Bg5 Bf6 12. Bxf6 Nhxf6 {Die Stellung ist ausgeglichen.} 13. Qc2 b6 14. b4 Bb7 15. Bf1 1/2-1/2

[Event "Ciutat Barcelona CAT-ARG 2018"]
[Site "Barcelona"]
[Date "2018.10.14"]
[Round "15"]
[White "Asis Gargatagli, Hipolito"]
[Black "Perez Ponsa, Federico"]
[Result "1/2-1/2"]
[WhiteElo "2526"]
[BlackElo "2554"]
[Annotator "TA"]
[PlyCount "40"]
[EventDate "2018.10.08"]
[EventCountry "ESP"]
[SourceTitle "playchess.com"]
[Source "ChessBase"]
[SourceQuality "1"]

{[%evp 11,40,16,22,0,0,0,11,-21,-6,-98,-87,-104,85,73,87,87,86,88,84,84,77,68,68,46,72,70,58,64,68,71,77]} 1. e4 c5 2. Nc3 Nc6 3. Bb5 Nd4 4. Bd3 e6 5. Nf3 Nxf3+ (5... Ne7 6. O-O Nec6 7. Nxd4 cxd4 8. Ne2 d5 9. c3 dxe4 10. Bxe4 d3 11. Nf4 Bd6 12. Nxd3 Bxh2+ 13. Kxh2 {½-½ (60) Jones,G (2675)-Gagare,S (2502) Sharjah 2018}) 6. Qxf3 {B30: Sicilian: 2...Nc6 3 Bb5, lines without ...g6} Ne7 {[%cal Bg8e7,Be7c6,Bc6b4,Bb4d3][%mdl 32] LiveBook: 4 Games} 7. O-O $146 ({Predecessor:} 7. Qg3 a6 8. O-O b5 9. Bxb5 axb5 10. Nxb5 Nc6 11. Nc7+ Ke7 12. Nxa8 d6 13. e5 Nxe5 {1-0 (26) Kislinsky,A (2507)-Ponizil,C (2432) Czechia 2013}) 7... Nc6 8. Qg3 {The position is equal.} Nb4 9. Nb5 {Threatens to win with Nc7+.} d6 10. e5 (10. b3 $11 {keeps the balance.}) 10... Nxd3 $17 11. cxd3 {[#]} d5 $2 (11... dxe5 $1 $17 {and life is bright.} 12. Qxe5 f6 13. Qh5+ g6) 12. d4 $36 {[%mdl 2048] White is really pushing.} cxd4 13. d3 Bd7 14. Nd6+ Bxd6 15. Qxg7 {[#]} ({But not} 15. exd6 O-O $15) 15... Bxe5 $1 16. Qxe5 Rg8 17. Bf4 Qe7 18. Rfe1 f6 19. Qxd4 Kf7 20. Bg3 b6 {Precision: White = 56%, Black = 47%.} 1/2-1/2

[Event "Ciutat Barcelona CAT-ARG 2018"]
[Site "Barcelona"]
[Date "2018.10.14"]
[Round "15"]
[White "Diaz Camallonga, Carles"]
[Black "Mareco, Sandro"]
[Result "1/2-1/2"]
[WhiteElo "2444"]
[BlackElo "2653"]
[Annotator "TA"]
[PlyCount "110"]
[EventDate "2018.10.08"]
[EventCountry "ESP"]
[SourceTitle "playchess.com"]
[Source "ChessBase"]
[SourceQuality "1"]

{[%evp 40,110,60,70,60,59,47,58,64,31,31,31,51,44,46,-28,28,-28,-5,-75,-68,-103,-94,-106,-118,-96,-9,-17,-21,-16,31,39,50,28,47,33,45,0,0,0,0,-116,-100,-103,-106,-154,-172,-160,-68,-76,0,-204,-199,-191,-200,-295,-238,-337,-316,-433,-435,-423,-424,-423,-200,-448,0,-8,0,-389,0,-27,0]} 1. e4 c5 2. Nf3 e6 3. d4 cxd4 4. Nxd4 a6 5. c4 Nf6 6. Nc3 Qc7 7. a3 b6 8. Be3 Bb7 9. f3 Be7 10. Be2 O-O 11. Rc1 d6 12. O-O Nbd7 13. b4 Rac8 14. Qd2 Rfe8 15. Kh1 Qb8 16. Rfd1 Bd8 17. Nb3 Bc7 {B44: Sicilian: Taimanov: 5 Nb5} 18. Bf4 Ne5 (18... d5 19. Bxc7 Rxc7 20. cxd5 exd5 21. exd5 Nxd5 22. Nxd5 Bxd5 23. Nd4 b5 24. Bf1 Rxc1 25. Rxc1 {½-½ (40) Yu,Y (2738)-Karthikeyan,M (2578) Moscow 2017}) 19. Bxe5 dxe5 20. c5 b5 21. a4 {LiveBook: 5 Games} bxa4 22. Nxa4 Bc6 23. Nb2 Bb5 {[#]} 24. Nc4 $146 ({Predecessor:} 24. Bxb5 Qxb5 25. Qc3 {1-0 (53) Perunovic,M (2558)-Paunovic,D (2553) Vrnjacka Banja 2010}) 24... Rcd8 25. Qc3 Nh5 26. Bf1 f5 27. Nca5 (27. Kg1 $14) 27... Nf6 (27... Rxd1 $142 28. Rxd1 Rd8) 28. Bxb5 (28. Re1 $142) 28... Qxb5 29. exf5 (29. Rxd8 $11 Rxd8 30. Qe1) 29... exf5 $17 30. Rxd8 Rxd8 31. Qc4+ {[#]} Qxc4 $1 32. Nxc4 {[#]} e4 (32... Nd5 $1 $17 33. Rd1 g6) 33. Nba5 exf3 34. gxf3 Nd5 35. Nc6 Re8 36. Rd1 Nf4 37. Nd6 Re2 38. Nd4 Rb2 39. Nc6 g6 40. Re1 (40. h4 $11) 40... Bxd6 $1 41. cxd6 {[%mdl 4096] Endgame KRN-KRN} Rd2 42. Ne7+ Kf7 43. Nc8 Nd5 (43... h5 $17 {aiming for ...h4.} 44. Kg1 Nh3+ 45. Kh1 Ng5) 44. Kg1 $15 Kf6 (44... Rd4 $17 45. d7 Nf6 46. Re7+ Kf8) 45. Re8 $2 (45. d7 $1 $11 {and White stays safe.} Nc7 46. Nb6) 45... Nxb4 $19 46. Rh8 h5 47. Rh7 (47. Kf1 $142) 47... Nd3 {And now ...Kg5 would win.} 48. Ra7 (48. Kf1 $142) 48... Ne5 49. f4 Nf3+ 50. Kf1 Nxh2+ 51. Ke1 Nf3+ 52. Kf1 Nh2+ $2 (52... h4 $19 53. Nb6 Rxd6 54. Rxa6 h3 55. Nd5+ Ke6 56. Rxd6+ Kxd6) 53. Ke1 $1 $11 {[%cal Re1d2]} Nf3+ $2 {[%mdl 8192]} (53... Rd4 $11 54. d7 Ng4) 54. Kf1 $19 Nh2+ $2 ({Black should play} 54... h4 $19 {Hoping for ...h3.} 55. Nb6 Rxd6 56. Rxa6 h3 57. Nd5+ Ke6 58. Rxd6+ Kxd6) 55. Ke1 $1 $11 {[%cal Re1d2]} Nf3+ {Precision: White = 48%, Black = 58%.} 1/2-1/2